000 00408nam a22001577a 4500
999 _c60539
_d60539
005 20230816113529.0
008 230816s1977 enk||||| |||| 00| 0 eng d
041 _aeng
080 _a94(37) H-22
100 _aHadas, Moses
_919678
245 _aImperial Rome /
_cMoses Hadas.
264 _c1977.
300 _a190 p. :
_bill.;
_c27 cm.
653 _aრომის იმპერია
942 _2udc
_cBK